000
nam a22 7a 4500
999
_c
232538
_d
232538
003
ASAB
005
20170220160138.0
008
170220b xxu||||| |||| 00| 0 eng d
040
_c
ASAB
082
_a
660.6 SHU
245
_a
Analysing Genome
_c
R.N. Shukla
942
_2
ddc
_c
BK